000 00763nam a2200169 a 4500
008 120416s0000 ||||||||||||||||| || u
020 _a0195612671
050 _aD 440 Ram
100 _aRamphal, Shridath
245 1 0 _aSelected speeches of the Commonwealth Secretary General, 1975-1979
246 _aone world to share
260 _aBombay
_bOxford University Press
_c1979
300 _axxxiv, 444p.
350 _a0.00
995 _aANNEX COLLECTION (Main Library)
_D0.00
_e701139
_FCBU-MAIN LIBRARY (Kitwe)
_H2
_I9.99
_jD 440 Ram
_M2
_UAVAILABLE
_WJun 23, 2006
_y000565
_ZAnnex Low-Usage Collection
995 _aANNEX COLLECTION (Main Library)
_D0.00
_e701138
_FCBU-MAIN LIBRARY (Kitwe)
_H1
_I9.99
_jD 440 Ram
_M1
_UAVAILABLE
_WJun 22, 2006
_y000564
_ZAnnex Low-Usage Collection
999 _c80393
_d80393